01211nam a22002897a 4500003000900000005001700009008003700026020001500063040002200078082001600100100002700116245019100143260006800334300003000402490003200432700003100464700002800495700004100523700003500564830003100599910001100630942001200641945003300653952017600686956004200862999001700904DO-SdBNP20171206093739.0161031b 1996 xxu a 00| 0 spa d a0673758702 aBPMSUbspacBPMSU axxxxbS544c1 aShelf Medearis, Angela10aCompartiendo a un papá /cAngela Shelf Medearis ; ilustraciones Jan Spivey Gilchrist ; adaptación Patricia Almada ; traducción Mercedes Quintana Barragán, Natalia Ruano Martinez  aEstados Unidos : bCelebration Press, bScott Foresman, c1996. a16 p. : bil. ; c18 cm. 1 aPequeñitas celebraciones 12aSpivey Gilchrist, Janeil.12aAlmada, Patriciaeadap.12aQuintana Barragán, Mercedesetrad.12aRuano Martinez, Nataliaetrad. 0aPequeñitas celebraciones a000144 2ddccBK ainventariado extranjero / DG 00102ddc40708CI-GaBPMETbBPMETd2017-10-30eDonado por la Biblioteca Infantil Juvenil República Dominicanal0oxxxx S544cpBPMSU17100179r2017-10-30w2017-10-30yBK 2YLOCKWARD3108BPMSUaYngrid Lockward c12726d12726